000 00757nam a2200205 a 4500
003 0
005 20250423101149.0
008 050809s19uu xx 00 eng d
050 _aPHS HV 4998
_b.V53 2005
100 _aVibal, Eunice Sara S.
245 _aEffectiveness of the after care program of drug dependent patients from Cebu Curedd /
_cEunice Sara S. Vibal
260 _aLas PiƱas City, Philippines :
_bSouthville International School and Colleges,
_c2005.
300 _a44 pages :
_billustrations ;
_c28 cm.
504 _aIncludes bibliographical references.
650 _aSubstance abuse
_xPatients
_vCare and aftercare.
650 _aSubstance abuse
_xAftercare.
650 _aCUREDD (Cebu, Philippines).
942 _2lcc
_cPASS
999 _c97318
_d97318